000
00245nam a22001097a 4500
008
170126b xxu||||| |||| 00| 0 eng d
020
_a
9780824704018
041
_a
eng
080
_a
61
245
_a
LUNG SUFACTANCTS
_c
NOTTER, R.H
942
_2
udc
_c
BK
999
_c
3732
_d
3732